| 000 | 00950nam a2200241Ia 4500 | ||
|---|---|---|---|
| 003 | OSt | ||
| 005 | 20220923220816.0 | ||
| 006 | a|||||r|||| 00| 0 | ||
| 007 | ta | ||
| 008 | 220922b |||||||| |||| 00| 0 hin d | ||
| 024 | _a190,691 | ||
| 037 | _cTextual | ||
| 040 |
_aARTS _cARTS _bhin |
||
| 041 |
_2hin _ahin |
||
| 082 | _aR6:g(Q:35), 152L3(Q4)-;2 | ||
| 100 |
_aलाड, अशोक कुमार _9157821 |
||
| 245 | 0 |
_aभारतीय दर्शन में मोक्ष चिन्तन _b एक तुलनात्मक अध्ययन |
|
| 246 | _aBhāratīya darshan mean mokṣha chintana: ek tulanātmak adhyayana | ||
| 260 |
_aभोपाल _b मध्यप्रदेश हिन्दी ग्रंथ अकादमी _c1973 |
||
| 300 |
_a300पृ. _ccm. |
||
| 942 |
_hR6:g(Q:35), 152L3(Q4)-;2 _cTEXL _2CC |
||
| 999 |
_c343463 _d343463 |
||